000
00251nam a2200085Ia 4500
008
211105s9999 xx 000 0 und d
020
_a
"
100
_a
White, Marcia Higgins
_9
116942
245
0
_a
Chicken soup for the soul : daily inspirations for women
999
_c
577703
_d
577702